000 01010nam0a2200301 4500
001 RU\NLR\ONL2\12562
005 20260322043942.0
035 _a(NLR Aleph) 009660148
090 _a13635102
_c13635102
100 _a20090128d1956 a y0rusy50 ca
101 0 _aaze
102 _aAZ
105 _aa |||||||||
200 1 _aГараҹа гыз
_fСулеjман Сани Ахундов
_gрәс. Ә. hачыев
210 _aБакы
_cУшагкэнчнэшр
_d1956
215 _a48 с.
_cшэк.
_d20
541 1 _6z01790
_aЧернушка
_zrus
686 1 _aШ9(2)6=Аз-4
700 1 _aАхундов
_bС. С.
_gСулеjман Сани Рзагулубәj оғлу
_4070
702 1 _ahачыев
_bЭ.
_4440
790 1 _6z01541
_aАхундов
_bС. С.
_gСулейман Сани Рзакулибек оглу
_4070
801 0 _aRU
_bNLR
_c20090128
_gPSBO
852 _aNLR
_bОНЛ
_jАзерб./2-8038
942 _cBOOK
980 _aONL_RF
980 _aNB